Si berudu mencari ibu

Bibliographic Details
Main Author: Abdullah Ishak
Format: Book
Published: Kuala Lumpur : Pustaka Prinsip , 2005
Series:Siri cerita alam haiwan
Subjects:

MARC

LEADER 00000cam a2200000 7i4500
001 0000003508
005 20220105103947.0
008 070718
020 |a 983053328X(set) 
020 |a 9830533328 
090 0 0 |a JP   |b NH MAL (4090) 
100 0 |a Abdullah Ishak 
245 0 0 |a Si berudu mencari ibu   |c Abdullah Ishak 
260 |a Kuala Lumpur :   |b Pustaka Prinsip ,   |c 2005 
440 0 |a Siri cerita alam haiwan 
500 |a Children age 4-6 years old (yellow) 
650 0 |a Junior preschool   |x Natural history   |x Malay fiction 
999 |a 0000969258   |b Book   |c Children Collection   |e Cawangan Bandar Penawar 
999 |a 0000969259   |b Book   |c Children Collection   |e Perbadanan Perpustakaan Awam Johor 
999 |a 0000969260   |b Book   |c Children Collection   |e Cawangan Batu Pahat 
999 |a 0000969261   |b Book   |c Children Collection   |e Cawangan Batu Pahat 
999 |a 0000969262   |b Book   |c Children Collection   |e Perbadanan Perpustakaan Awam Johor